000 00728nam a2200289Ia 4500
005 20260324122646.0
008 008 260324s9999 xx 000 0 eng d
020 _a9780203115626
037 _aEBOOK
040 _aCRL
040 _beng
040 _cCRL
041 _2eng
041 _aeng
084 _qCRL
100 _aJean-Pierre Cabestan; Jean-François Di Meglio; Xavier Richet
_91167305
245 0 _aChina and the Global Financial Crisis
245 2 _bA Comparison with Europe
260 _bTaylor and Francis
260 _c2012
365 _a
365 _b220
856 _uhttp://www.taylorfrancis.com/books/9780203115626
942 _cEBOOK
999 _c1760225
_d1760225